Recinte Maternitat
Publicado:
Barcelona :
Diputació de Barcelona. Àrea d'Hisenda, Recursos Interns i Noves Tecnologies. Subdirecció de Logística ,
2014
Descripción Física:
1 f. plegat en 3 parts ; 21 cm
MARC
| LEADER | 00000nam a2200000Ia 4500 | ||
|---|---|---|---|
| 001 | 24116 | ||
| 008 | 160829s2014 xx 000 0 cat d | ||
| 080 | |a FU-64-60 | ||
| 245 | |a Recinte Maternitat | ||
| 260 | |a Barcelona : |b Diputació de Barcelona. Àrea d'Hisenda, Recursos Interns i Noves Tecnologies. Subdirecció de Logística, |c 2014 | ||
| 300 | |a 1 f. plegat en 3 parts ; |c 21 cm | ||
| 610 | 0 | |9 55260 |a Casa de Maternitat i Expòsits de Barcelona |x Guies | |
| 650 | 0 | |a Recinte Maternitat (Barcelona) |x Guies |9 55960 | |
| 710 | 1 | |a Barcelona (Catalunya : Província). |b Servei de Suport a les Polítiques de Consum |9 52739 | |
| 901 | |a Arxiu | ||
| 942 | |n 1 |2 udc | ||
| 952 | |0 0 |1 0 |4 0 |6 FU6460 |7 1 |9 55980 |a Arxiu |b Arxiu |d 2016-12-01 |l 0 |o FU-64-60 |p 24116 |r 2016-12-01 00:00:00 |w 2016-12-01 |y ARXIU | ||
| 999 | |c 59853 |d 59853 | ||